Statistics for Football Players by Picture #14 - Managers

Click here to take the quiz!

General Stats

  • This quiz has been taken 3,076 times
  • The average score is 11 of 16

Answer Stats

Answer% Correct
Zinedine Zidane
98%
Josep Guardiola
94%
Jürgen Klopp
93%
José Mourinho
90%
Sir Alex Ferguson
87%
Carlo Ancelotti
85%
Arsène Wenger
80%
Diego Simeone
79%
Antonio Conte
74%
Louis van Gaal
69%
Joachim Löw
60%
Rafael Benitez
60%
Claudi Ranieri
44%
Vicente del Bosque
36%
Jürgen Klinsmann
29%
Guus Hiddink
22%

Score Distribution

Percentile by Number Answered

Percent of People with Each Score

Your Score History

You have not taken this quiz